Getting at the essence of the administrative state (Record no. 2090)

000 -LEADER
fixed length control field 00972pab a2200181 454500
008 - FIXED-LENGTH DATA ELEMENTS--GENERAL INFORMATION
fixed length control field 180718b1991 xxu||||| |||| 00| 0 eng d
100 ## - MAIN ENTRY--PERSONAL NAME
Personal name Caiden, Gerald, E
245 ## - TITLE STATEMENT
Title Getting at the essence of the administrative state
260 ## - PUBLICATION, DISTRIBUTION, ETC.
Date of publication, distribution, etc. 1991
300 ## - PHYSICAL DESCRIPTION
Extent p.147-161.
362 ## - DATES OF PUBLICATION AND/OR SEQUENTIAL DESIGNATION
Dates of publication and/or sequential designation Apr-Jun
520 ## - SUMMARY, ETC.
Summary, etc. Gerald E. Caiden, in this article makes a comprehensive survey of the progress made over the years in conceptualisation of the `Administrative State'. He briefly, but with requisite clarity, identifies twenty-five theories that have been put forward on this subject by scholars. Since all of these are mutually supportive, Caiden's survey greatly helps in streng-thening our understanding of the theoretical constructs that are relevant in comprehending the reality called `Administrative State'. Reproduced
650 ## - SUBJECT ADDED ENTRY--TOPICAL TERM
Topical term or geographic name entry element Administrative State
650 ## - SUBJECT ADDED ENTRY--TOPICAL TERM
Topical term or geographic name entry element Public Administration
773 ## - HOST ITEM ENTRY
Main entry heading Indian Journal of Public Administration
908 ## - PUT COMMAND PARAMETER (RLIN)
Put command parameter N
909 ## -
-- 2090
Holdings
Withdrawn status Lost status Damaged status Not for loan Permanent Location Current Location Date acquired Serial Enumeration / chronology Barcode Date last seen Price effective from Koha item type
        Indian Institute of Public Administration Indian Institute of Public Administration 2018-07-19 Volume no: 37, Issue no: 2 AR2090 2018-07-19 2018-07-19 Articles

Powered by Koha